000
00289nam a22001337a 4500
008
210526b ||||| |||| 00| 0 eng d
041
_a
eng
080
_a
579
082
_a
579
100
_a
11
101
_a
MIK
245
_a
Microbiology for Nurses
_c
Martin Frobisher
942
_2
udc
_c
BK
999
_c
57638
_d
57638